Statistics for History Quiz

Click here to take the quiz!

General Stats

  • This quiz has been taken 29 times
  • The average score is 16 of 31

Answer Stats

HintAnswer% Correct
What Did The U.S.A Go Through From 1929-1939?The Great Depression
88%
Who Wrote The Declaration Of Independence?Thomas Jefferson
83%
How Many Colonies In The U.S.A Were There?13
79%
Who Was The First Woman Who Flew Across The Pacific Ocean And Disappeared?Amelia Earhart
75%
Who Was A Serial Killer In London From The 1300's That Was Never Caught?Jack The Ripper
75%
Raleigh, North Carolina Was Named After Who? (Full Name)Walter Raleigh
75%
Who Invented Communism?Karl Marx
71%
Who Owned Alaska Before The U.S.A Bought It?Russia
71%
How Many Wives Did King Henry VIII Have?Six
71%
Who Invented The Telephone?Alexander Graham Bell
67%
What Was The Land In-between Two Trenches Called?No Man's Land
67%
What Is The German Word For Lighting War?Blitzkrieg
63%
What Was The Genocide Of Jews Called?The Holocaust
63%
Who Is The King Of Olympus?Zeus
63%
How Many Countries Are In The World?196
58%
The U.S.A Is The Land Of The Free And The Home Of The ____?Brave
58%
Who Were The Two Men Who Went On A Journey With Sacagawea?Lewis And Clark
58%
What Was The Capital Of The Confederacy During The Civil War?Richmond
54%
December 6th, 1941 Is" A Day That Will Live In ____?"Infamy
50%
Who Was Dracula Named After?Vlad The Impaler
50%
Lincoln Is On The $5 Bill And What Other U.S.A Currency?Penny
46%
Benjamin Franklin Wanted This Bird To Be The National Animal Of The U.S.A Instead Of The Bald Eagle. What Was It?Turkey
46%
What Form Of Government Does The UK Have?A Monarchy
42%
Sacagawea Carried What On Her Back?A baby
38%
What Was Blackbeard's Real Name?Edward Teach
29%
Who Built The Underground Railroad?Harriet Tubman
25%
How Many People Signed The Declaration of Independence?55
21%
What Was Queen Elizabeth I Nicknamed?Bloody Mary
17%
What Was The Execution Of "Witches" Called In Salem, Massachusetts?The Salem Witch Trials
17%
What Was Blackbeard's Ship's Name?Queen Anne's Revenge
13%
Who Shot Lincoln?John Wilks Booth
8%

Score Distribution

Percentile by Number Answered

Percent of People with Each Score

Your Score History

You have not taken this quiz